Juke box-I grandi successi italiani vol.06 (arrivano i complessi) (Record no. 99734)
[ view plain ]
| 000 -LEADER | |
|---|---|
| fixed length control field | 03766njm a2200565Ia 4500 |
| 001 - CONTROL NUMBER | |
| control field | 23905 |
| 003 - CONTROL NUMBER IDENTIFIER | |
| control field | IT-RoPAU |
| 005 - DATE AND TIME OF LATEST TRANSACTION | |
| control field | 20220918181120.0 |
| 008 - FIXED-LENGTH DATA ELEMENTS--GENERAL INFORMATION | |
| fixed length control field | 131025s9999 xx 000 0 und d |
| 040 ## - CATALOGING SOURCE | |
| Original cataloging agency | IT-RoPAU |
| 040 ## - CATALOGING SOURCE | |
| Transcribing agency | IT-RoPAU |
| 041 ## - LANGUAGE CODE | |
| Language code of text/sound track or separate title | ITALIANO |
| 999 ## - SYSTEM CONTROL NUMBERS (KOHA) | |
| Koha Dewey Subclass [OBSOLETE] | n.d. |
| 100 ## - MAIN ENTRY--PERSONAL NAME | |
| Personal name | AA.VV. |
| 9 (RLIN) | 794 |
| 100 ## - MAIN ENTRY--PERSONAL NAME | |
| Relator term | Autore musica |
| 9 (RLIN) | 7308 |
| 100 ## - MAIN ENTRY--PERSONAL NAME | |
| Miscellaneous information | Codice autore musica SPICS: 12000 |
| 9 (RLIN) | 796 |
| 245 ## - TITLE STATEMENT | |
| Title | Juke box-I grandi successi italiani vol.06 (arrivano i complessi) |
| 250 ## - EDITION STATEMENT | |
| Edition statement | 2a ed. |
| 260 ## - PUBLICATION, DISTRIBUTION, ETC. (IMPRINT) | |
| Place of publication, distribution, etc. | ITALIA |
| 260 ## - PUBLICATION, DISTRIBUTION, ETC. (IMPRINT) | |
| Name of publisher, distributor, etc. | SELEZIONE |
| Date of publication, distribution, etc. | 1980 [1a Ed.:1967] |
| 300 ## - PHYSICAL DESCRIPTION | |
| Extent | DISCO |
| 500 ## - GENERAL NOTE | |
| General note | Grandi successi italiani dei primi complessi. Canzone italiana. |
| 505 ## - FORMATTED CONTENTS NOTE | |
| Formatted contents note | Cuore matto (Little Tony) - Gli occhi miei (Dino) - Ventinove settembre (Equipe 84) - La mia serenata (Fontana Jimmy) - Nel sole (Al Bano Carrisi) - Senza luce (I Dik Dik) - La rosa nera (Cinquetti Gigliola) - L'immensità (Dorelli Johnny) - Dio è morto (I Nomadi) - Se stasera sono qui (Goich Wilma) - Non c'è più niente da fare (Solo Bobby) - Vengo anch'io? No, tu no (Jannacci Enzo) |
| 650 ## - SUBJECT ADDED ENTRY--TOPICAL TERM | |
| Topical term or geographic name as entry element | CANZONE ITALIAN [DISCHI] |
| Relator term | Codice MATERIA SPICS: 9950 |
| 9 (RLIN) | 7309 |
| 700 ## - ADDED ENTRY--PERSONAL NAME | |
| Personal name | Ambrosino |
| Dates associated with a name | Codice autore musica SPICS: 14254 |
| Relator term | Autore musica |
| Name of part/section of a work | Cuore matto |
| 9 (RLIN) | 7310 |
| 700 ## - ADDED ENTRY--PERSONAL NAME | |
| Personal name | Savio G. |
| Dates associated with a name | Codice autore testo/musica SPICS: 14082 |
| Relator term | Autore testo/musica |
| Name of part/section of a work | Cuore matto |
| 9 (RLIN) | 7311 |
| 700 ## - ADDED ENTRY--PERSONAL NAME | |
| Personal name | Mogol (Rapetti Giulio) |
| Dates associated with a name | Codice autore musica SPICS: 13643 |
| Relator term | Autore musica |
| Name of part/section of a work | Gli occhi miei - Ventinove settembre - Senza luce - L'immensità - Se stasera sono qui |
| 9 (RLIN) | 7312 |
| 700 ## - ADDED ENTRY--PERSONAL NAME | |
| Personal name | Donida Carlo |
| Dates associated with a name | Codice autore testo/musica SPICS: 13649 |
| Relator term | Autore testo/musica |
| Name of part/section of a work | Gli occhi miei |
| 9 (RLIN) | 7313 |
| 700 ## - ADDED ENTRY--PERSONAL NAME | |
| Personal name | Battisti Lucio |
| Dates associated with a name | Codice autore testo/musica SPICS: 10746 |
| Relator term | Autore testo/musica |
| Name of part/section of a work | Ventinove settembre |
| 9 (RLIN) | 7314 |
| 700 ## - ADDED ENTRY--PERSONAL NAME | |
| Personal name | Fontana Jimmy |
| Dates associated with a name | Codice autore musica SPICS: 10905 |
| Relator term | Autore musica |
| Name of part/section of a work | La mia serenata |
| 9 (RLIN) | 7315 |
| 700 ## - ADDED ENTRY--PERSONAL NAME | |
| Personal name | Boncompagni Gianni |
| Dates associated with a name | Codice autore testo/musica SPICS: 13860 |
| Relator term | Autore testo/musica |
| Name of part/section of a work | La mia serenata |
| 9 (RLIN) | 7316 |
| 700 ## - ADDED ENTRY--PERSONAL NAME | |
| Personal name | Massara Libero |
| Dates associated with a name | Codice autore musica SPICS: 13678 |
| Relator term | Autore musica |
| Name of part/section of a work | Nel sole |
| 9 (RLIN) | 7317 |
| 700 ## - ADDED ENTRY--PERSONAL NAME | |
| Personal name | Pallavicini Vito |
| Dates associated with a name | Codice autore testo/musica SPICS: 13656 |
| Relator term | Autore testo/musica |
| Name of part/section of a work | Nel sole |
| 9 (RLIN) | 7318 |
| 700 ## - ADDED ENTRY--PERSONAL NAME | |
| Personal name | Reed Lou |
| Dates associated with a name | Codice autore SPICS: 13226 |
| Relator term | Autore |
| Name of part/section of a work | Senza luce |
| 9 (RLIN) | 7319 |
| 700 ## - ADDED ENTRY--PERSONAL NAME | |
| Personal name | Brooker C. |
| Dates associated with a name | Codice autore testo/musica SPICS: 14427 |
| Relator term | Autore testo/musica |
| Name of part/section of a work | Senza luce |
| 9 (RLIN) | 7320 |
| 700 ## - ADDED ENTRY--PERSONAL NAME | |
| Personal name | Panzeri Mario |
| Dates associated with a name | Codice autore musica SPICS: 13372 |
| Relator term | Autore musica |
| Name of part/section of a work | La rosa nera |
| 9 (RLIN) | 7321 |
| 700 ## - ADDED ENTRY--PERSONAL NAME | |
| Personal name | Pilat |
| Dates associated with a name | Codice autore SPICS: 14084 |
| Relator term | Autore |
| Name of part/section of a work | La rosa nera |
| 9 (RLIN) | 7322 |
| 700 ## - ADDED ENTRY--PERSONAL NAME | |
| Personal name | Pace Daniele |
| Dates associated with a name | Codice autore testo/musica SPICS: 13856 |
| Relator term | Autore testo/musica |
| Name of part/section of a work | La rosa nera |
| 9 (RLIN) | 7323 |
| 700 ## - ADDED ENTRY--PERSONAL NAME | |
| Personal name | Mariano |
| Dates associated with a name | Codice autore musica SPICS: 25266 |
| Relator term | Autore musica |
| Name of part/section of a work | L'immensità |
| 9 (RLIN) | 7324 |
| 700 ## - ADDED ENTRY--PERSONAL NAME | |
| Personal name | Backy Don |
| Dates associated with a name | Codice autore SPICS: 13846 |
| Relator term | Autore |
| Name of part/section of a work | L'immensità |
| 9 (RLIN) | 7325 |
| 700 ## - ADDED ENTRY--PERSONAL NAME | |
| Personal name | Guccini Francesco |
| Dates associated with a name | Codice autore testo/musica SPICS: 10938 |
| Relator term | Autore testo/musica |
| Name of part/section of a work | Dio è morto |
| 9 (RLIN) | 7326 |
| 700 ## - ADDED ENTRY--PERSONAL NAME | |
| Personal name | Tenco Luigi |
| Dates associated with a name | Codice autore testo/musica SPICS: 13841 |
| Relator term | Autore testo/musica |
| Name of part/section of a work | Se stasera sono qui |
| 9 (RLIN) | 7327 |
| 700 ## - ADDED ENTRY--PERSONAL NAME | |
| Personal name | Satti Roberto |
| Dates associated with a name | Codice autore musica SPICS: 23232 |
| Relator term | Autore musica |
| Name of part/section of a work | Non c'è più niente da fare |
| 9 (RLIN) | 7328 |
| 700 ## - ADDED ENTRY--PERSONAL NAME | |
| Personal name | Capuano |
| Dates associated with a name | Codice autore SPICS: 16102 |
| Relator term | Autore |
| Name of part/section of a work | Non c'è più niente da fare |
| 9 (RLIN) | 7329 |
| 700 ## - ADDED ENTRY--PERSONAL NAME | |
| Personal name | Sanjust |
| Dates associated with a name | Codice autore testo/musica SPICS: 18010 |
| Relator term | Autore testo/musica |
| Name of part/section of a work | Non c'è più niente da fare |
| 9 (RLIN) | 7330 |
| 700 ## - ADDED ENTRY--PERSONAL NAME | |
| Personal name | Jannacci Enzo |
| Dates associated with a name | Codice autore musica SPICS: 10956 |
| Relator term | Autore musica |
| Name of part/section of a work | Vengo anch'io? No, tu no |
| 9 (RLIN) | 7331 |
| 700 ## - ADDED ENTRY--PERSONAL NAME | |
| Personal name | Fo Dario |
| Dates associated with a name | Codice autore SPICS: 6571 |
| Relator term | Autore |
| Name of part/section of a work | Vengo anch'io? No, tu no |
| 9 (RLIN) | 7332 |
| 700 ## - ADDED ENTRY--PERSONAL NAME | |
| Personal name | Fiorentini F. |
| Dates associated with a name | Codice autore testo/musica SPICS: 15905 |
| Relator term | Autore testo/musica |
| Name of part/section of a work | Vengo anch'io? No, tu no |
| 9 (RLIN) | 7333 |
| 942 ## - ADDED ENTRY ELEMENTS (KOHA) | |
| Koha item type | DISCHI |
| Source of classification or shelving scheme | Dewey Decimal Classification |
| Withdrawn status | Lost status | Damaged status | Not for loan | Home library | Current library | Date acquired | Total Checkouts | Full call number | Date last seen | Price effective from | Koha item type | Public note |
|---|---|---|---|---|---|---|---|---|---|---|---|---|
| Buone Condizioni | Not For Loan | SPICS-MEDIATECA | SPICS-MEDIATECA | 25/10/2013 | 23905 | 25/10/2013 | 25/10/2013 | DISCHI | Progr. Ins.: 4752 / N.Vol.: 1 / Copie: 1 - Copia rara: n.d. / date import: 01.01.2014 - By Epidotti, Trombetti, Vaglietti |